World Capitals Containing J - Statistics

General Stats
  • This quiz has been taken 4,801 times
    3,047 since last reset
  • The average score is 12 of 16
Answer Stats
capital % Correct
Jakarta
93%
Jerusalem
86%
Juba
86%
Abuja
82%
Ljubljana
77%
Djibouti
76%
Reykjavík
73%
Majuro
71%
Banjul
70%
Beijing
70%
Sarajevo
70%
Skopje
70%
St John's
65%
San José
64%
N'Djamena
60%
Sri Jayewarde- nepura Kotte
47%
No matching quizzes found
Score Distribution
Percent of People with Each Score
Percentile by Number Answered
Your Score History
You have not taken this quiz since the last reset